Statistics for Guess the Country by the House Style 2

Click here to take the quiz!

General Stats

  • This quiz has been taken 14 times
  • The average score is 6 of 12

Answer Stats

Answer% Correct
Greenland (Denmark)
91%
United States
82%
Germany
73%
Norway
73%
United Kingdom
73%
Brazil
45%
France
45%
Maldives
45%
Colombia
36%
United Arab Emirates
36%
Netherlands
27%
Spain
18%

Score Distribution

Percentile by Number Answered

Percent of People with Each Score

Your Score History

You have not taken this quiz